| 000 | 00679nam a22001937a 4500 | ||
|---|---|---|---|
| 005 | 20210325173321.0 | ||
| 008 | s2528 th tha d | ||
| 041 | _atha | ||
| 050 | _aJC433 ค9บ | ||
| 100 | 0 | _aโคทม อารียา | |
| 245 | 1 | 0 | _aบนถนนสายประชาธิปไตย |
| 260 | 3 |
_aกรุงเทพฯ : _bสมาคมสิทธิเสรีภาพของประชาชน, _c2528 |
|
| 300 | _a160 หน้า | ||
| 650 | 0 | 4 | _aประชาธิปไตย -- รวมเรื่อง |
| 850 | _aNALT | ||
| 942 | _cGB | ||
| 997 | _c000000000001078 | ||
| 998 | _aJETANANARD SUWANDEE | ||
| 999 |
_c1078 _d1078 |
||